01071 2200241 4500001002100000005001500021035002000036007000300056008004100059020002200100082000900122084001500131100004000146245013100186250000700317260003400324300002800358700002800386700003000414650002900444520033900473990001700812INLIS00000000000069520260423105222 a0010-0523000237ta260423 b 1 ind  a978-979-063-810-5 a813k a813k MEL k0 aMelvi Dwi Dezja Putri ( Pengarang )1 aKambing Si Jago Makan yg Pintar :bseri muslim cilik /cMelvi Dwi Dezja Putri ; ilustrasi, komarudin ; editor, Iin Yusfitanti aIV aJakarta :bZikrul Kids,c2018 a24 :bilus. ;c20 cme-0 akomarudin (ilustrasi )0 aIin Yusfitanti ( Editor ) 4aFiksi - Bacaan anak-anak aAdik adik pernah makan satai kambing Rasanya lezat bukan Daging kambing kaya akan protein dan zat besi yang sangat baik untuk tubuh Selain dagingnya susu kambing pun dapat diolah menjadi keju yang lezat Tidak hanya itu saja lho masih banyak manfaat lain dari kambing yang dapat kita peroleh Apa sajakah itu Cari tahu dalam buku ini ya a00061/K/2022